000 00626nam a2200217Ia 4500
005 20250508165601.0
008 008 250505s9999 xx 000 0 eng d
020 _a978-0-19-285346-2
037 _aTextual
040 _aFEDL
_beng
_cFEDL
041 _aeng
_2eng
084 _a306, MON
_qFEDL
100 _aMonaghan John
_9781271
245 0 _aSocial and cultural anthropology: A very short introduction
260 _aNew Delhi, India
_bOxford University Press
_c2000
300 _a160p.
365 _aINR
_b245
700 _a Just Peter
_9781272
942 _cTEXL
_h306, MON
999 _c1395998
_d1395998